[Event "Suecia ch 2007 SM-gruppen"]
[Site "Stockholm SWE"]
[Date "2007.06.30"]
[Round "1"]
[White "Ong, Kezli"]
[Black "Karlsson, Lars"]
[Result "1/2-1/2"]
[PlyCount "55"]
[EventDate "2007.06.30"]
[EventType "tourn"]
[EventRounds "13"]
[EventCountry "SWE"]
[Source "lmi"]
[SourceDate "2007.06.30"]
[WhiteElo "2236"]
[BlackElo "2493"]

1. e4 e6 2. d4 d5 3. exd5 exd5 4. Bd3 Bd6 5. Nf3 Ne7 6. O-O O-O 7. Nc3 c6 8.
Ne2 Nd7 9. Bf4 Qc7 10. Qd2 Ng6 11. Bxd6 Qxd6 12. Rfe1 Nb6 13. Qg5 Bd7 14. Qh5
f5 15. Nh4 Nh8 16. f4 g6 17. Qf3 Rae8 18. Qf2 Nf7 19. Nf3 Qf6 20. Ne5 Be6 21.
Kh1 Nc8 22. Ng1 Ncd6 23. Ngf3 Ne4 24. Qe3 Nfd6 25. b3 Re7 26. g3 Rg7 27. Kg2 h6
28. h4 1/2-1/2

[Event "Suecia ch 2007 SM-gruppen"]
[Site "Stockholm SWE"]
[Date "2007.06.30"]
[Round "1"]
[White "Carlsson, Pontus"]
[Black "Cramling, Pia"]
[Result "1/2-1/2"]
[PlyCount "21"]
[EventDate "2007.06.30"]
[EventType "tourn"]
[EventRounds "13"]
[EventCountry "SWE"]
[Source "lmi"]
[SourceDate "2007.06.30"]
[WhiteElo "2480"]
[BlackElo "2533"]

1. e4 c5 2. Nf3 a6 3. c3 d5 4. exd5 Qxd5 5. d4 Nf6 6. Be2 cxd4 7. cxd4 g6 8.
O-O Bg7 9. Ne5 O-O 10. Nc3 Qd8 11. Bf3 1/2-1/2

[Event "Suecia ch 2007 SM-gruppen"]
[Site "Stockholm SWE"]
[Date "2007.06.30"]
[Round "1"]
[White "Lindberg, Bengt"]
[Black "Hillarp Persson, Tiger"]
[Result "1/2-1/2"]
[PlyCount "98"]
[EventDate "2007.06.30"]
[EventType "tourn"]
[EventRounds "13"]
[EventCountry "SWE"]
[Source "lmi"]
[SourceDate "2007.06.30"]
[WhiteElo "2443"]
[BlackElo "2567"]

1. e4 g6 2. d4 Bg7 3. Nc3 d6 4. f4 Nf6 5. Nf3 c5 6. dxc5 Qa5 7. Qd4 dxc5 8. Qc4
Nc6 9. e5 Nh5 10. Bd2 Be6 11. Qb5 O-O-O 12. Qxa5 Nxa5 13. g3 f6 14. Na4 Nc6 15.
Nxc5 Bd5 16. Be2 fxe5 17. c4 Bxf3 18. Bxf3 exf4 19. g4 Bxb2 20. Rb1 Ba3 21.
Nxb7 Nd4 22. Bd1 Rd7 23. Na5 Nf6 24. Bxf4 Bd6 25. Be3 Bc5 26. Nc6 Nxc6 27. Bxc5
Ne4 28. Ba3 Nc3 29. Bb2 Nxb1 30. Bxh8 Na5 31. g5 Rd8 32. Bg4+ Kb7 33. Bg7 Nd2
34. c5 Nc6 35. Ke2 Ne4 36. Rb1+ Kc7 37. h4 e5 38. Ke3 Nc3 39. Rf1 Nd5+ 40. Kf2
Rg8 41. Bh6 Nd4 42. Kg3 Nf4 43. Re1 Nd3 44. Re3 Nxc5 45. Rxe5 Kd6 46. Re1 Nce6
47. Rd1 Kc6 48. Rf1 Kd5 49. Rd1 Kc6 1/2-1/2

[Event "Suecia ch 2007 SM-gruppen"]
[Site "Stockholm SWE"]
[Date "2007.06.30"]
[Round "1"]
[White "Hamark, Jesper"]
[Black "Furhoff, Johan"]
[Result "0-1"]
[PlyCount "106"]
[EventDate "2007.06.30"]
[EventType "tourn"]
[EventRounds "13"]
[EventCountry "SWE"]
[Source "lmi"]
[SourceDate "2007.06.30"]
[WhiteElo "2289"]
[BlackElo "2397"]

1. d4 d5 2. c4 c6 3. cxd5 cxd5 4. Nf3 Nc6 5. Bf4 Nf6 6. Nc3 a6 7. Rc1 e6 8. e3
Be7 9. h3 Qb6 10. Qc2 Bd7 11. Be2 Rc8 12. O-O O-O 13. Qb1 Bb4 14. Na4 Qd8 15.
Nc5 Bxc5 16. Rxc5 Ne4 17. Rc2 f6 18. Bd3 Be8 19. Bxe4 dxe4 20. Nd2 e5 21. dxe5
fxe5 22. Bg3 Bg6 23. b4 Qd3 24. Rfc1 Bf7 25. Nc4 Bxc4 26. Rxc4 Rfd8 27. Rxe4
Qa3 28. Qb3+ Qxb3 29. axb3 Rd3 30. Rxe5 Rxb3 31. Re4 Rd8 32. Rcc4 Rd1+ 33. Kh2
Rd2 34. Re8+ Kf7 35. Rc8 Rd7 36. Rf4+ Ke6 37. Re4+ Kd5 38. Rg4 Rxb4 39. Rg5+
Kc4 40. Be5 g6 41. Bh8 Kd3 42. Rc5 Rc4 43. Rxc4 Kxc4 44. e4 Re7 45. e5 Kd5 46.
f4 Ke4 47. Bf6 Re6 48. Kg3 h5 49. Rg8 Nd4 50. Rxg6 Nf5+ 51. Kf2 Rc6 52. g4 Rc2+
53. Ke1 Ne3 0-1

[Event "Suecia ch 2007 SM-gruppen"]
[Site "Stockholm SWE"]
[Date "2007.06.30"]
[Round "1"]
[White "Lindberg, Bosse"]
[Black "Brynell, Stellan"]
[Result "1/2-1/2"]
[PlyCount "83"]
[EventDate "2007.06.30"]
[EventType "tourn"]
[EventRounds "13"]
[EventCountry "SWE"]
[Source "lmi"]
[SourceDate "2007.06.30"]
[WhiteElo "2361"]
[BlackElo "2459"]

1. d4 e6 2. c4 f5 3. g3 Nf6 4. Bg2 Be7 5. Nf3 O-O 6. O-O d6 7. Nc3 Ne4 8. Nxe4
fxe4 9. Ne1 d5 10. f3 dxc4 11. fxe4 Rxf1+ 12. Bxf1 c5 13. e3 Nc6 14. Nf3 Bf6
15. Bxc4 cxd4 16. exd4 Nxd4 17. Be3 Nxf3+ 18. Qxf3 Bd7 19. Rd1 Qc7 20. Bb3 Re8
21. Bf4 Qc5+ 22. Qf2 Qxf2+ 23. Kxf2 Bc6 24. e5 Bd8 25. Bxe6+ Rxe6 26. Rxd8+ Kf7
27. h4 Re8 28. Rd6 Re6 29. Rd8 Re8 30. Rd6 Re6 31. Rd4 Re7 32. Ke3 Rd7 33. Rc4
Ke6 34. b3 Rd1 35. Rc2 Kf5 36. Ke2 Rd7 37. Ke3 Rd1 38. Ke2 Rd7 39. a4 Rd4 40.
Rc3 Rd7 41. Rc4 h5 42. Rc5 1/2-1/2

[Event "Suecia ch 2007 Mästare Elit"]
[Site "Stockholm SWE"]
[Date "2007.06.30"]
[Round "1"]
[White "Marttala, Thomas"]
[Black "Tikkanen, Hans"]
[Result "0-1"]
[PlyCount "64"]
[EventDate "2007.06.30"]
[EventType "tourn"]
[EventRounds "13"]
[EventCountry "SWE"]
[Source "lmi"]
[SourceDate "2007.06.30"]
[WhiteElo "2271"]
[BlackElo "2394"]

1. Nf3 d5 2. d4 e6 3. c4 c6 4. Nc3 dxc4 5. a4 Bb4 6. e3 b5 7. Bd2 a5 8. axb5
Bxc3 9. Bxc3 cxb5 10. b3 Bb7 11. d5 Nf6 12. bxc4 b4 13. Bxf6 Qxf6 14. e4 Qc3+
15. Nd2 O-O 16. Be2 Nd7 17. h4 Nc5 18. Rh3 Qd4 19. Re3 a4 20. Nf3 Qxd1+ 21.
Bxd1 f5 22. Nd4 fxe4 23. Nxe6 Nxe6 24. dxe6 b3 25. Rb1 Rfe8 26. Bg4 Ba6 27. Bf5
Bxc4 28. Bxe4 Ra7 29. Kd2 Bxe6 30. Bc6 Rd8+ 31. Kc3 Bf7 32. Ra1 Rc8 0-1

[Event "Suecia ch 2007 Mästare Elit"]
[Site "Stockholm SWE"]
[Date "2007.06.30"]
[Round "1"]
[White "Welin, Mats"]
[Black "Akesson, Joel"]
[Result "1/2-1/2"]
[PlyCount "40"]
[EventDate "2007.06.30"]
[EventType "tourn"]
[EventRounds "13"]
[EventCountry "SWE"]
[Source "lmi"]
[SourceDate "2007.06.30"]
[WhiteElo "2195"]
[BlackElo "2326"]

1. e4 c5 2. Nf3 Nc6 3. d4 cxd4 4. Nxd4 g6 5. c4 Nf6 6. Nc3 d6 7. Be2 Bg7 8. Be3
O-O 9. O-O Bd7 10. Qd2 Nxd4 11. Bxd4 a5 12. b3 Bc6 13. f3 Nd7 14. Be3 Nc5 15.
Rab1 Qb6 16. Rfc1 Rfc8 17. Rc2 Qb4 18. Qc1 Qb6 19. Qd2 Qb4 20. Qc1 Qb6 1/2-1/2

[Event "Suecia ch 2007 Mästare Elit"]
[Site "Stockholm SWE"]
[Date "2007.06.30"]
[Round "1"]
[White "Hedman, Erik"]
[Black "Johansson, Gunnar"]
[Result "1/2-1/2"]
[PlyCount "37"]
[EventDate "2007.06.30"]
[EventType "tourn"]
[EventRounds "13"]
[EventCountry "SWE"]
[Source "lmi"]
[SourceDate "2007.06.30"]
[WhiteElo "2346"]
[BlackElo "2272"]

1. e4 c5 2. Nf3 Nc6 3. Bb5 d6 4. O-O Bd7 5. Re1 a6 6. Bf1 Nf6 7. h3 e5 8. c3
Be7 9. d4 O-O 10. d5 Na7 11. Nxe5 dxe5 12. d6 Bc6 13. dxe7 Qxe7 14. Bd3 Nb5 15.
Qf3 Nd6 16. Bg5 h6 17. Bxf6 Qxf6 18. Qxf6 gxf6 19. Nd2 1/2-1/2

[Event "Suecia ch 2007 Mästare Elit"]
[Site "Stockholm SWE"]
[Date "2007.06.30"]
[Round "1"]
[White "Rosberg, Simon"]
[Black "Semcesen, Daniel"]
[Result "0-1"]
[PlyCount "90"]
[EventDate "2007.06.30"]
[EventType "tourn"]
[EventRounds "13"]
[EventCountry "SWE"]
[Source "lmi"]
[SourceDate "2007.06.30"]
[WhiteElo "2205"]
[BlackElo "2348"]

1. d4 d5 2. c4 dxc4 3. Nf3 Nf6 4. e3 e6 5. Bxc4 c5 6. dxc5 Bxc5 7. Qxd8+ Kxd8
8. a3 a6 9. b4 Bd6 10. Bb2 b5 11. Bd3 Bb7 12. Nbd2 Nbd7 13. Ke2 Ke7 14. e4 e5
15. Nh4 g6 16. g3 Rhd8 17. Ng2 Nb6 18. Rac1 Nfd7 19. f3 Rac8 20. Ne3 Nf8 21.
Nb3 Ne6 22. Bb1 f6 23. Rhd1 Rxc1 24. Rxc1 Rc8 25. Rxc8 Bxc8 26. Bc3 Nc7 27. Be1
Be6 28. Bc2 Nc4 29. Nxc4 bxc4 30. Na1 Nb5 31. a4 Nd4+ 32. Kf2 Nc6 33. b5 axb5
34. axb5 Bc5+ 35. Kg2 Nd4 36. Bf2 Kd6 37. Bd1 Nxb5 38. Be2 Bxf2 39. Kxf2 Nd4
40. Ke3 Kc5 41. Kd2 Kb4 42. Nc2+ Nxc2 43. Kxc2 c3 44. Ba6 Bb3+ 45. Kd3 Bd1 0-1

[Event "Suecia ch 2007 Mästare Elit"]
[Site "Stockholm SWE"]
[Date "2007.06.30"]
[Round "1"]
[White "Janse, Love"]
[Black "Glimbrant, Torbjorn"]
[Result "1/2-1/2"]
[PlyCount "171"]
[EventDate "2007.06.30"]
[EventType "tourn"]
[EventRounds "13"]
[EventCountry "SWE"]
[Source "lmi"]
[SourceDate "2007.06.30"]
[WhiteElo "2090"]
[BlackElo "2282"]

1. e4 e6 2. d3 d5 3. Nd2 Nf6 4. Ngf3 b6 5. c3 c5 6. Qe2 dxe4 7. dxe4 Ba6 8. Qe3
Bxf1 9. Nxf1 Nc6 10. Qe2 Qc7 11. Bg5 Be7 12. N1d2 O-O 13. O-O Rfd8 14. Rfd1 Ng4
15. Bxe7 Qxe7 16. Nc4 b5 17. h3 Nf6 18. Nce5 Qb7 19. Nxc6 Qxc6 20. Rxd8+ Rxd8
21. Rd1 Rc8 22. e5 Nd5 23. c4 bxc4 24. Qxc4 h6 25. Nd2 Nb6 26. Qc2 Qd5 27. Nb3
Qxe5 28. Nxc5 g6 29. b4 a5 30. Qb3 axb4 31. Nd3 Qb5 32. Nxb4 Qc4 33. Qxc4 Rxc4
34. a3 Rc3 35. Rd3 Rc1+ 36. Kh2 Ra1 37. Kg3 Kg7 38. Rb3 Nc4 39. Nc2 Ra2 40. Rc3
Nd6 41. Rc6 Nb5 42. h4 Nxa3 43. Ra6 Rxc2 44. Rxa3 g5 45. hxg5 hxg5 46. Re3 Kg6
47. Kf3 Rc4 48. g3 Kf5 49. Ra3 f6 50. Ra5+ e5 51. Ra3 Rb4 52. Rc3 Ra4 53. Rb3
Rd4 54. Ra3 Rc4 55. Rb3 Ra4 56. Rc3 e4+ 57. Kg2 Kg4 58. Rc6 f5 59. Re6 Ra2 60.
Re8 Rb2 61. Re7 Rc2 62. Re8 Rc5 63. Re7 Kh5 64. Re6 Kg4 65. Re8 Rc1 66. Re7 Re1
67. Re8 Kh5 68. Re6 f4 69. gxf4 gxf4 70. Re8 Kg5 71. Rg8+ Kf5 72. Rf8+ Ke5 73.
Re8+ Kd4 74. Rd8+ Ke5 75. Re8+ Kd5 76. Rd8+ Ke6 77. Rf8 f3+ 78. Kg3 Re2 79.
Re8+ Kd5 80. Rd8+ Kc4 81. Rd7 Re1 82. Kf4 Kc3 83. Rd8 Kc2 84. Rd4 e3 85. Kxf3
exf2 86. Kxf2 1/2-1/2

[Event "Suecia ch 2007 Junior-SM"]
[Site "Stockholm SWE"]
[Date "2007.06.30"]
[Round "1"]
[White "Kockum, Anton Frisk"]
[Black "Blomqvist, Erik"]
[Result "1/2-1/2"]
[PlyCount "84"]
[EventDate "2007.06.30"]
[EventType "tourn"]
[EventRounds "13"]
[EventCountry "SWE"]
[Source "lmi"]
[SourceDate "2007.06.30"]
[WhiteElo "2200"]
[BlackElo "2313"]

1. d4 d5 2. Nf3 Nf6 3. c4 c6 4. cxd5 cxd5 5. Nc3 Nc6 6. Bf4 a6 7. e3 e6 8. Bd3
Be7 9. Ne5 O-O 10. O-O Bd7 11. Rc1 Rc8 12. a3 b5 13. b4 Qb6 14. Bb1 Rfd8 15.
Bg5 Be8 16. Qd3 g6 17. Qe2 Kg7 18. Nd3 a5 19. Qb2 Ra8 20. Nc5 axb4 21. axb4 Na7
22. e4 Nc6 23. e5 Nd7 24. Bxe7 Nxe7 25. Bd3 Nxc5 26. bxc5 Qb7 27. Qe2 Ra3 28.
Qf3 Kg8 29. Rfd1 b4 30. Nb1 Ra2 31. Qf4 Rda8 32. h4 Ba4 33. Rd2 b3 34. h5 b2
35. Re1 Bb5 36. g4 Bxd3 37. Rxd3 gxh5 38. gxh5 Nf5 39. Qg5+ Kf8 40. Kh2 Ke8 41.
Qg8+ Ke7 42. Qg5+ Ke8 1/2-1/2

[Event "Suecia ch 2007 Junior-SM"]
[Site "Stockholm SWE"]
[Date "2007.06.30"]
[Round "1"]
[White "Wickstrom, Lucas"]
[Black "Vas, Peter"]
[Result "0-1"]
[PlyCount "96"]
[EventDate "2007.06.30"]
[EventType "tourn"]
[EventRounds "13"]
[EventCountry "SWE"]
[Source "lmi"]
[SourceDate "2007.06.30"]
[WhiteElo "2139"]
[BlackElo "2166"]

1. d4 d5 2. c4 e6 3. Nc3 Nf6 4. Bg5 c6 5. cxd5 exd5 6. e3 Nbd7 7. Bd3 Be7 8.
Qc2 O-O 9. Nf3 Re8 10. h3 Nf8 11. O-O-O Be6 12. Kb1 Ne4 13. Bxe7 Nxc3+ 14. Qxc3
Qxe7 15. Rc1 Nd7 16. Qc2 g6 17. h4 Qf6 18. h5 Rac8 19. hxg6 hxg6 20. Rh6 Kg7
21. Rch1 Rh8 22. Rxh8 Rxh8 23. Rxh8 Kxh8 24. Ng1 Qh4 25. f3 Qe1+ 26. Qc1 Qf2
27. g4 Kg7 28. g5 Kf8 29. b4 Nb6 30. Ne2 Qxf3 31. Nf4 Bf5 32. Bxf5 gxf5 33. g6
Nc4 34. gxf7 Kxf7 35. Qg1 Qg4 36. Qh1 Nxe3 37. Qh7+ Qg7 38. Qh5+ Ke7 39. Ng6+
Kd8 40. Qg5+ Kc7 41. Qxe3 Qxg6 42. Qe7+ Kc8 43. Qf8+ Kd7 44. Qb8 Qg1+ 45. Kc2
Qf2+ 46. Kb3 Qe3+ 47. Kc2 Qe2+ 48. Kb1 Qd1+ 0-1

[Event "Suecia ch 2007 Junior-SM"]
[Site "Stockholm SWE"]
[Date "2007.06.30"]
[Round "1"]
[White "Tadjerbashi, Amir"]
[Black "Grandelius, Nils"]
[Result "0-1"]
[PlyCount "60"]
[EventDate "2007.06.30"]
[EventType "tourn"]
[EventRounds "13"]
[EventCountry "SWE"]
[Source "lmi"]
[SourceDate "2007.06.30"]
[WhiteElo "2182"]
[BlackElo "2271"]

1. e4 g6 2. d4 Bg7 3. Nc3 d6 4. Nge2 Nd7 5. g3 c5 6. Bg2 Ngf6 7. O-O O-O 8. h3
Rb8 9. a4 b6 10. Bg5 a6 11. Qd2 Bb7 12. Bh6 Bxh6 13. Qxh6 cxd4 14. Nxd4 b5 15.
axb5 axb5 16. Rfe1 b4 17. Nd5 e5 18. Nf3 Bxd5 19. exd5 Qc7 20. Ng5 Rfc8 21. f4
Qxc2 22. fxe5 dxe5 23. Rf1 Qxb2 24. Rab1 Qe2 25. Ne4 Rc2 26. Rf2 Qd3 27. Rxc2
Qxc2 28. Rf1 b3 29. Ng5 b2 30. Be4 b1=Q 0-1

[Event "Suecia ch 2007 Junior-SM"]
[Site "Stockholm SWE"]
[Date "2007.06.30"]
[Round "1"]
[White "Zadruzny, Nicolaj"]
[Black "Lissang, Christopher"]
[Result "1-0"]
[PlyCount "77"]
[EventDate "2007.06.30"]
[EventType "tourn"]
[EventRounds "13"]
[EventCountry "SWE"]
[Source "lmi"]
[SourceDate "2007.06.30"]
[WhiteElo "2209"]
[BlackElo "2053"]

1. e4 c5 2. Nc3 d6 3. f4 Nc6 4. Nf3 g6 5. Bc4 Bg7 6. O-O e6 7. d3 Nge7 8. Qe1
O-O 9. Qh4 d5 10. Bb3 Nd4 11. f5 exf5 12. Bh6 c4 13. Ng5 f6 14. Bxg7 fxg5 15.
Qh6 cxb3 16. Bxd4 Rf7 17. exd5 Nxd5 18. axb3 b6 19. Rae1 Bb7 20. Be5 g4 21. Ne4
Qf8 22. Qxf8+ Rfxf8 23. Nd6 Bc6 24. c4 Nf6 25. d4 Ne8 26. d5 Bd7 27. b4 Nxd6
28. Bxd6 Rfe8 29. c5 Bb5 30. Rxe8+ Rxe8 31. Rc1 Rd8 32. Kf2 Bd3 33. g3 Be4 34.
Rd1 a5 35. c6 f4 36. c7 Rc8 37. Bxf4 Bf5 38. d6 Bd7 39. Re1 1-0

[Event "Suecia ch 2007 Junior-SM"]
[Site "Stockholm SWE"]
[Date "2007.06.30"]
[Round "1"]
[White "De Verdier, Michael"]
[Black "Agrest, Inna"]
[Result "1/2-1/2"]
[PlyCount "129"]
[EventDate "2007.06.30"]
[EventType "tourn"]
[EventRounds "13"]
[EventCountry "SWE"]
[Source "lmi"]
[SourceDate "2007.06.30"]
[WhiteElo "2123"]
[BlackElo "2085"]

1. d4 Nf6 2. Nf3 g6 3. g3 Bg7 4. Bg2 O-O 5. O-O d6 6. a4 c6 7. a5 Nbd7 8. Nbd2
Qc7 9. e4 e5 10. dxe5 dxe5 11. b3 Re8 12. Qe2 Nf8 13. h3 Ne6 14. Nc4 Nc5 15.
Bb2 Ncxe4 16. Bxe5 Qe7 17. Rae1 Be6 18. Ba1 Rad8 19. Nfe5 Nc5 20. f4 Qc7 21.
Qf2 Na6 22. Qxa7 Bf8 23. Kh2 Bc5 24. Nb6 Rd2 25. Nd3 Nd7 26. Nxc5 Ndxc5 27. Nc4
Rxc2 28. Ne3 Rd2 29. Ng4 Red8 30. Nf6+ Kf8 31. Nxh7+ Kg8 32. Nf6+ Kf8 33. b4
Nd3 34. Rd1 Ndxb4 35. Rxd2 Rxd2 36. f5 gxf5 37. Qe3 Rd3 38. Qh6+ Ke7 39. Qg5
Qxa5 40. Ng4+ Kd7 41. Ne5+ Kc8 42. Nxd3 Nxd3 43. h4 Ne1 44. Qe3 Nxg2 45. Kxg2
Nc7 46. Be5 Nd5 47. Qf2 Nb4 48. Bc3 Qd5+ 49. Kh2 Nd3 50. Qe3 Qc4 51. Rd1 Nc5
52. Qe5 b5 53. Qe3 Ne4 54. Rc1 Qa2+ 55. Kg1 Bd5 56. Bd4 Nf6 57. Qf2 Qxf2+ 58.
Bxf2 b4 59. Bd4 Nh5 60. Kf2 Kd7 61. Rg1 b3 62. Ke3 Kd6 63. g4 fxg4 64. Rxg4 f6
65. Rg6 1/2-1/2

[Event "Suecia ch 2007 SM-gruppen"]
[Site "Stockholm SWE"]
[Date "2007.07.01"]
[Round "2"]
[White "Akesson, Ralf"]
[Black "Ong, Kezli"]
[Result "1-0"]
[PlyCount "85"]
[EventDate "2007.06.30"]
[EventType "tourn"]
[EventRounds "13"]
[EventCountry "SWE"]
[Source "lmi"]
[SourceDate "2007.06.30"]
[WhiteElo "2477"]
[BlackElo "2236"]

1. d4 Nf6 2. c4 e6 3. Nf3 Bb4+ 4. Nbd2 b6 5. a3 Bxd2+ 6. Qxd2 Bb7 7. e3 O-O 8.
Be2 d6 9. O-O Nbd7 10. b4 Ne4 11. Qc2 f5 12. Ne1 Qe7 13. Bb2 Rae8 14. f3 Ng5
15. Rd1 e5 16. c5 bxc5 17. bxc5 dxc5 18. dxe5 Nxe5 19. Bxe5 Qxe5 20. Qb3+ Kh8
21. Qxb7 Qxe3+ 22. Rf2 Ne4 23. fxe4 fxe4 24. Nf3 exf3 25. Bxf3 c4 26. Qb2 c3
27. Qc1 Qc5 28. Rdf1 g5 29. h3 Rf6 30. Kh1 Ree6 31. Bg4 Rxf2 32. Rxf2 Qxf2 33.
Bxe6 Qc5 34. Qf1 Qe7 35. Bb3 Kg7 36. Qf2 c5 37. a4 a5 38. Qg3 Qf6 39. Qd3 Kh6
40. Bc2 Qg7 41. Qd6+ Kh5 42. g4+ Kh4 43. Kh2 1-0

[Event "Suecia ch 2007 SM-gruppen"]
[Site "Stockholm SWE"]
[Date "2007.07.01"]
[Round "2"]
[White "Furhoff, Johan"]
[Black "Lindberg, Bosse"]
[Result "0-1"]
[PlyCount "76"]
[EventDate "2007.06.30"]
[EventType "tourn"]
[EventRounds "13"]
[EventCountry "SWE"]
[Source "lmi"]
[SourceDate "2007.06.30"]
[WhiteElo "2397"]
[BlackElo "2361"]

1. e4 e5 2. Nf3 Nc6 3. Bc4 Bc5 4. c3 Nf6 5. d3 d6 6. Nbd2 a6 7. Bb3 Ba7 8. h3
h6 9. Nf1 d5 10. exd5 Nxd5 11. Ng3 Be6 12. O-O Qd6 13. Re1 O-O 14. Qe2 Rae8 15.
Nh4 Nf4 16. Bxf4 exf4 17. Ne4 Qd8 18. Bxe6 Rxe6 19. Nf5 g6 20. Qg4 Kh7 21. Qxf4
gxf5 22. Qxf5+ Kh8 23. d4 Ne7 24. Qh5 Qd5 25. Qh4 Rg8 26. f3 Qf5 27. Kf2 Qg6
28. g4 c5 29. Ng3 cxd4 30. Rxe6 fxe6 31. cxd4 Bxd4+ 32. Kg2 Qg5 33. Qxg5 hxg5
34. Re1 Nd5 35. Nh5 e5 36. b3 Rc8 37. h4 Rc2+ 38. Kh3 Rf2 0-1

[Event "Suecia ch 2007 SM-gruppen"]
[Site "Stockholm SWE"]
[Date "2007.07.01"]
[Round "2"]
[White "Hillarp Persson, Tiger"]
[Black "Hamark, Jesper"]
[Result "1/2-1/2"]
[PlyCount "95"]
[EventDate "2007.06.30"]
[EventType "tourn"]
[EventRounds "13"]
[EventCountry "SWE"]
[Source "lmi"]
[SourceDate "2007.06.30"]
[WhiteElo "2567"]
[BlackElo "2289"]

1. d4 d5 2. c4 e6 3. Nc3 Be7 4. cxd5 exd5 5. Bf4 c6 6. e3 Bf5 7. g4 Be6 8. Bd3
Nd7 9. h3 h5 10. gxh5 Ndf6 11. Qf3 Nxh5 12. Nge2 Bd6 13. Bxd6 Qxd6 14. O-O-O
Ngf6 15. Qg2 O-O-O 16. f3 g6 17. Kb1 Kb8 18. h4 Ng8 19. Qg5 Ne7 20. e4 Ka8 21.
Rc1 Rhe8 22. Ka1 Rc8 23. Na4 Rc7 24. Nc5 Bc8 25. a3 Qf6 26. Qg1 Qd6 27. Rd1 Ng8
28. Nc3 Ne7 29. Bb1 Qf4 30. Ne2 Qd6 31. Nc3 Qf4 32. Ba2 Rd8 33. Ne2 Qh6 34. Qh2
Kb8 35. Rhe1 b6 36. Nd3 Kb7 37. Ne5 Be6 38. Nc3 Qf4 39. Qg1 Qxh4 40. exd5 Nxd5
41. Ne4 Ng7 42. Ng5 Rd6 43. Ne4 Rd8 44. Ng5 Rd6 45. Rc1 Qf4 46. Nd3 Qh4 47. Ne5
Qf4 48. Nd3 1/2-1/2

[Event "Suecia ch 2007 SM-gruppen"]
[Site "Stockholm SWE"]
[Date "2007.07.01"]
[Round "2"]
[White "Cramling, Pia"]
[Black "Lindberg, Bengt"]
[Result "1-0"]
[PlyCount "107"]
[EventDate "2007.06.30"]
[EventType "tourn"]
[EventRounds "13"]
[EventCountry "SWE"]
[Source "lmi"]
[SourceDate "2007.06.30"]
[WhiteElo "2533"]
[BlackElo "2443"]

1. d4 Nf6 2. Nf3 e6 3. c4 b6 4. Nc3 Bb4 5. Bg5 Bb7 6. Nd2 Be7 7. e4 Nxe4 8.
Bxe7 Nxc3 9. Bxd8 Nxd1 10. Bxc7 Nxb2 11. a4 d5 12. cxd5 exd5 13. Ra2 Nc4 14.
Nxc4 dxc4 15. Bxc4 Nc6 16. d5 Nd4 17. Rd2 Kd7 18. Bg3 Nf5 19. Bb5+ Kd8 20. Bf4
Rc8 21. O-O Rc5 22. Re1 a6 23. Bd3 Bc8 24. h3 Re8 25. Rb1 Ne7 26. Be3 Rxd5 27.
Bxb6+ Kd7 28. Rc1 g6 29. Rc3 Kd6 30. Bc7+ Kd7 31. Bf4 Rd8 32. Bc7 Re8 33. Bb6
Kd6 34. Re2 Be6 35. Bxa6 Rd1+ 36. Kh2 Nd5 37. Bc5+ Kc7 38. Rcc2 Bd7 39. Rxe8
Bxe8 40. a5 Ba4 41. Rb2 Bc6 42. Bb6+ Nxb6 43. axb6+ Kb8 44. Rc2 Rd6 45. Re2 Bd7
46. Re7 Rxb6 47. Rxd7 Rxa6 48. Rxf7 h5 49. Kg3 g5 50. Rf5 Rg6 51. h4 gxh4+ 52.
Kh3 Kc7 53. Rxh5 Rf6 54. f3 1-0

[Event "Suecia ch 2007 SM-gruppen"]
[Site "Stockholm SWE"]
[Date "2007.07.01"]
[Round "2"]
[White "Johansson, Jan"]
[Black "Carlsson, Pontus"]
[Result "1/2-1/2"]
[PlyCount "45"]
[EventDate "2007.06.30"]
[EventType "tourn"]
[EventRounds "13"]
[EventCountry "SWE"]
[Source "lmi"]
[SourceDate "2007.06.30"]
[WhiteElo "2441"]
[BlackElo "2480"]

1. d4 e6 2. e4 d5 3. exd5 exd5 4. c4 Bb4+ 5. Nc3 Ne7 6. Nf3 O-O 7. h3 Nbc6 8.
c5 b6 9. cxb6 axb6 10. Bd3 Bxc3+ 11. bxc3 Ba6 12. O-O f6 13. Re1 Bxd3 14. Qxd3
Qd7 15. Bf4 Rfe8 16. c4 dxc4 17. Qxc4+ Nd5 18. Bd2 Rxe1+ 19. Rxe1 Na5 20. Qe2
Nb7 21. Qc4 Na5 22. Qe2 Nb7 23. Qc4 1/2-1/2

[Event "Suecia ch 2007 SM-gruppen"]
[Site "Stockholm SWE"]
[Date "2007.07.01"]
[Round "2"]
[White "Smith, Axel"]
[Black "Brynell, Stellan"]
[Result "1/2-1/2"]
[PlyCount "78"]
[EventDate "2007.06.30"]
[EventType "tourn"]
[EventRounds "13"]
[EventCountry "SWE"]
[Source "lmi"]
[SourceDate "2007.06.30"]
[WhiteElo "2284"]
[BlackElo "2459"]

1. e4 e5 2. Nf3 Nc6 3. Bb5 Nf6 4. O-O Nxe4 5. d4 Be7 6. dxe5 O-O 7. Re1 d5 8.
Nc3 Nxc3 9. bxc3 Bg4 10. h3 Bh5 11. Be2 Qd7 12. Rb1 b6 13. Nd4 Bxe2 14. Rxe2
Nxd4 15. cxd4 c5 16. dxc5 Bxc5 17. Rb3 Qa4 18. Rg3 Rfe8 19. a3 Qc6 20. Kh2 Rad8
21. f4 Qe6 22. Qd3 f5 23. exf6 Qxf6 24. Rxe8+ Rxe8 25. Qxd5+ Qf7 26. Qxf7+ Kxf7
27. Bb2 g6 28. Rd3 Re2 29. Rd7+ Ke6 30. Rxa7 Rxc2 31. Be5 h5 32. Rg7 Kf5 33.
Rf7+ Ke4 34. h4 Rc1 35. Rf6 Bg1+ 36. Kh3 Bf2 37. Kh2 Bg1+ 38. Kh3 Bf2 39. Kh2
Bg1+ 1/2-1/2

[Event "Suecia ch 2007 Mästare Elit"]
[Site "Stockholm SWE"]
[Date "2007.07.01"]
[Round "2"]
[White "Marttala, Thomas"]
[Black "Welin, Mats"]
[Result "1-0"]
[PlyCount "75"]
[EventDate "2007.06.30"]
[EventType "tourn"]
[EventRounds "13"]
[EventCountry "SWE"]
[Source "lmi"]
[SourceDate "2007.06.30"]
[WhiteElo "2271"]
[BlackElo "2195"]

1. Nf3 Nf6 2. g3 d5 3. c4 c6 4. Qb3 g6 5. Bg2 Bg7 6. O-O O-O 7. d4 dxc4 8. Qxc4
Qb6 9. Nc3 Be6 10. Qa4 Rd8 11. Rd1 h6 12. Qa3 Bf8 13. e4 a5 14. b3 Bg4 15. Be3
e5 16. dxe5 Rxd1+ 17. Rxd1 Bxa3 18. Bxb6 Nfd7 19. Na4 Na6 20. h3 Nxb6 21. Nxb6
Bxf3 22. Bxf3 Re8 23. Bg2 Bb4 24. Nd7 Be7 25. Kf1 Ra8 26. Ke2 b5 27. e6 fxe6
28. Ne5 Nb4 29. Nxg6 Kf7 30. Nxe7 Kxe7 31. a3 Nc2 32. e5 Nxa3 33. Bxc6 Rc8 34.
Rd6 a4 35. bxa4 Nc4 36. Rd7+ Kf8 37. Bxb5 Nxe5 38. Rh7 1-0

[Event "Suecia ch 2007 Mästare Elit"]
[Site "Stockholm SWE"]
[Date "2007.07.01"]
[Round "2"]
[White "Wademark, Helge"]
[Black "Janse, Love"]
[Result "1/2-1/2"]
[PlyCount "79"]
[EventDate "2007.06.30"]
[EventType "tourn"]
[EventRounds "13"]
[EventCountry "SWE"]
[Source "lmi"]
[SourceDate "2007.06.30"]
[WhiteElo "2153"]
[BlackElo "2090"]

1. e4 g6 2. Nc3 c6 3. f4 d5 4. d3 Bg7 5. Bd2 dxe4 6. dxe4 e5 7. fxe5 Qe7 8. Bc4
Bxe5 9. Nf3 Bg7 10. Qe2 Bg4 11. O-O Nd7 12. Qf2 Bxf3 13. gxf3 Rd8 14. Be3 b6
15. Rad1 Ngf6 16. Bf4 Nh5 17. Bd6 Qg5+ 18. Kh1 Ne5 19. Bb3 Nf4 20. Qg3 Qf6 21.
Ba3 Rxd1 22. Rxd1 c5 23. Ba4+ Kf8 24. b4 Nc4 25. Bc1 Qxc3 26. Bxf4 Ne5 27. bxc5
Qxc5 28. Rd5 Qc4 29. Kg2 Qxa4 30. Bxe5 Qxc2+ 31. Kf1 Qc1+ 32. Ke2 Qc2+ 33. Ke1
Qc1+ 34. Ke2 Qc2+ 35. Ke1 Qc1+ 36. Rd1 Qe3+ 37. Kf1 Bxe5 38. Qxe5 Qxf3+ 39. Ke1
Qe3+ 40. Kf1 1/2-1/2